000
00189 a2200097 4500
020
_a
9780345464019
041
_a
eng
100
_a
Tan, Amy
245
_a
Saving fish from drowning
942
_c
BK
999
_c
9133
_d
9133